Online Catalogue and eLibrary

Twenty Two Years of Devolution : (Record no. 5767)

MARC details
000 -LEADER
fixed length control field 00289nam a2200097Ia 4500
008 - FIXED-LENGTH DATA ELEMENTS--GENERAL INFORMATION
fixed length control field 240331s9999 xx 000 0 und d
082 ## - DDC Classification
Item Number - Author Mark AMA
100 ## - MAIN ENTRY--PERSONAL NAME
Personal name Amarasinghe,R
245 #0 - TITLE STATEMENT
Title Twenty Two Years of Devolution :
Remainder of title An Evaluation of the Working of Provincial Councils in Sri Lanka
942 ## - Koha item type (Biblio)
Koha item type Books in Stacks (Lending)

No items available.

© WERC Library